000 002490000a22000970004500
100 1 _aCox, John
245 1 0 _aThe tentmaking movement in historical perspective
300 _aVol. 14, Núm 13 (1997), Páginas 111-117
773 0 _tEvangel
942 _cANA
999 _c54156
_d54156